Founders of US Companies Quiz Stats

 Plays Quiz not verified by Sporcle

Support Sporcle.
Go Orange.
Score 0/30 Timer 05:00
0 Plays Today
Founders Company % Correct
Bill GatesMicrosoft
94.4%
Steve JobsApple Inc.
93.2%
Mark ZuckerbergFacebook
93.2%
Walt DisneyThe Walt Disney Company
92.5%
Henry FordFord Motor
91.3%
Michael DellDell Inc.
88.8%
William Harley, Walter DavidsonHarley-Davidson
81.4%
William Procter, James GambleProcter & Gamble
78.9%
Milton HersheyThe Hershey Company
77.6%
Samuel WaltonWal-Mart
70.8%
Alexander Graham BellAT&T
66.5%
Lawrence Page, Sergey BrinGoogle Inc.
65.8%
Ray KrocMcdonald's Corporation
65.8%
Jeff BezosAmazon.com
65.2%
Thomas EdisonGeneral Electric
62.1%
Founders Company % Correct
Steven SpielbergDreamWorks Pictures
59.6%
Rupert MurdochNews Corp
52.8%
Jerry YangYahoo!
50.3%
Phillip KnightNike Inc.
46.6%
Larry EllisonOracle
45.3%
Oprah WinfreyHarpo
39.8%
Thomas WatsonIBM
36%
Pierre OmidyarEbay
28.6%
Jack Dorsey, Evan Williams, Biz StoneTwitter Inc.
28%
John PembertonCoca-Cola Company
27.3%
Arthur BlankHome Depot
22.4%
Donald KendallPepsiCo
11.8%
Herb KelleherSouthwest Airlines
11.2%
Tom AndersonMyspace
9.9%
Roy RaymondVictoria's Secret
5%

You're not logged in!

Compare scores with friends on all Sporcle quizzes.
OR
Log In

From the Vault

Black the Block: TV

by jrage2009

A TV that's off is kind of like a black block.
Remove Ads.
Support Sporcle.
Get the best of Sporcle when you Go Orange. This ad-free experience offers more features, more stats, and more fun while also helping to support Sporcle. Thank you for becoming a member.

Show Comments

Extras

Top Quizzes Today


Score Distribution

Your Account Isn't Verified!

In order to create a playlist on Sporcle, you need to verify the email address you used during registration. Go to your Sporcle Settings to finish the process.

Report this User

Report this user for behavior that violates our Community Guidelines.

Details: